Statistics for Biggest US Islands By Size

Click here to take the quiz!

General Stats

  • This quiz has been taken 17 times
  • The average score is 2 of 14

Answer Stats

Area (sq miles) Island % Correct
1,401Long Island
82%
4,028Hawaii (Big Island)
76%
3,363Puerto Rico
65%
3,588Kodiak Island
12%
1,051Unalaska Island
6%
2,577Prince of Wales Island
0%
2,080Chichagof Island
0%
1,983St Lawrence Island
0%
1,684Admirality Island
0%
1,625Nunivak Island
0%
1,590Unimak Island
0%
1,570Baranof Island
0%
1,145Revillagigedo Island
0%
1,086Kupreanof Island
0%

Score Distribution

Percentile by Number Answered

Percent of People with Each Score

Your Score History

You have not taken this quiz